| 000 | 01237cam a2200337 a 4500 | ||
|---|---|---|---|
| 001 | 3921421 | ||
| 003 | EG-ScBUE | ||
| 005 | 20220201152334.0 | ||
| 008 | 920124s2003 enk f 000 1 eng d | ||
| 020 | _a0385301316 | ||
| 020 | _a9780586217320 | ||
| 040 |
_aDLC _beng _erda _cDLC _dOCoLC _dDLC _dOCoLC _dDLC _dEG-ScBUE |
||
| 043 | _ae-uk-en | ||
| 082 | 0 | 4 |
_a823.914 _222 _bHIL |
| 100 | 1 |
_aHill, Reginald, _eauthor. |
|
| 245 | 1 | 0 |
_aRecalled to life : _ba Dalzell and Pascoe mystery / _cReginald Hill. |
| 264 | 1 |
_aLondon : _bHarper Collins Publishers, _c2003. |
|
| 300 |
_a503 pages ; _c18 cm |
||
| 336 |
_2rdacontent _atext _btxt |
||
| 337 |
_2rdamedia _aunmediated _bn |
||
| 338 |
_2rdacarrier _avolume _bnc |
||
| 600 | 0 | 7 |
_aDalziel, Andrew _c(Fictitious character) _vFiction. _2BUEsh |
| 600 | 0 | 7 |
_aPascoe, Peter _c(Fictitious character) _vFiction. _2BUEsh |
| 650 | 7 |
_aPolice _zEngland _zYorkshire _xFiction. _2BUEsh |
|
| 651 | 7 |
_aYorkshire (England) _xFiction. _2BUEsh |
|
| 653 | _bHHUUEENN | ||
| 655 |
_vReading book _934232 |
||
| 856 | 4 | 2 | _uhttp://www.loc.gov/catdir/description/random045/92001380.html |
| 942 |
_2ddc _cBB |
||
| 999 |
_c10475 _d10475 |
||